El Fomento de la Marina
Descripción Física:
1 volum : periodicitat irregular ; 27 cm
MARC
| LEADER | 00000nas a2200000 a 4500 | ||
|---|---|---|---|
| 001 | 28046 | ||
| 003 | Arxiu | ||
| 005 | 20260324180136.0 | ||
| 008 | 160829d188?188?spc xx c | ||
| 040 | |a AGDB | ||
| 080 | |a Revistes | ||
| 245 | 0 | 3 | |a El Fomento de la Marina |
| 260 | |a Barcelona : |b Establecimiento Tipográfico de los Sucesores de Ramírez y Ca., |c 1883- | ||
| 300 | |a 1 volum : |b periodicitat irregular ; |c 27 cm | ||
| 310 | |a Irregular | ||
| 590 | |a Periodicitat desconeguda. | ||
| 590 | |a Descripció basada en: Núm. 21 (nov. 1883). | ||
| 590 | |a Prové de 1843. | ||
| 590 | |a El núm. 21 inclou l'article: 'La marina española en el Congreso Español de Geografía Mercantil y Colonial' | ||
| 611 | 0 | |9 56541 |a Congreso Español de Geografía Colonial y Mercantil |n (1r : |d 1883 : |c Madrid) | |
| 650 | |a Marina mercant |x Revistes |9 47623 | ||
| 650 | |a Marina de guerra |x Revistes |9 47624 | ||
| 655 | 0 | |9 55823 |a Revistes | |
| 866 | |a 2a època: any 6, 1883 (núm. 21) | ||
| 901 | |a Arxiu | ||
| 942 | |n 1 |2 udc |c REV | ||
| 952 | |0 0 |1 0 |4 0 |7 1 |9 54008 |a Arxiu |b Arxiu |d 2023-06-13 |h Año 6, 2a época, núm. 21 (1883) |o Rev-2188 |p 28046 |r 2016-12-01 00:00:00 |w 2016-12-01 |y ARXIU | ||
| 999 | |c 57876 |d 57876 | ||